Essentials of ATM networks and services
Saved in:
| Main Author: | |
|---|---|
| Format: | Book |
| Language: | English |
| Published: |
Reading :
Addison-Wesley,
1997
|
| Subjects: | |
| Tags: |
No Tags, Be the first to tag this record!
|
MARC
| LEADER | 00000nam a22000003a 4500 | ||
|---|---|---|---|
| 001 | stu49033 | ||
| 005 | 20150617225620.6 | ||
| 008 | 990128s1997------------------------eng-d | ||
| 020 | |a 0-201-18461-3 | ||
| 040 | |a STU |b slo | ||
| 041 | 0 | |a eng | |
| 080 | |a 681.324 | ||
| 080 | |a 681.327.8 | ||
| 080 | |a 621.391 | ||
| 084 | |a B6210L |2 INS | ||
| 084 | |a C5620 |2 INS | ||
| 084 | |a D5020 |2 INS | ||
| 084 | |a B6210 |2 INS | ||
| 084 | |a B6150C |2 INS | ||
| 100 | 1 | |a Ibe, Oliver C. |4 aut | |
| 245 | 1 | |a Essentials of ATM networks and services | |
| 260 | |a Reading : |b Addison-Wesley, |c 1997 | ||
| 300 | |a 224 s | ||
| 650 | 7 | |a počítačové siete |2 stusub | |
| 650 | 7 | |a komunikačné systémy |2 stusub | |
| 650 | 7 | |a systémy prenosu dát |2 stusub | |
| 650 | 7 | |a asynchrónny prenos dát |2 stusub | |
| 996 | |b 284IK06459 |c I*5LS5221 |l II680 |s A |a 24 |w stu49033_0001 | ||